| 000 | 00932nam a22001697a 4500 | ||
|---|---|---|---|
| 005 | 20260123084400.0 | ||
| 008 | 230712b ||||| |||| 00| 0 eng d | ||
| 040 |
_cSSBUL _dSSBUL |
||
| 082 |
_223 _a၃၂၈.၅၉၁ တ ၁၆၁၁၁ (S-SAT) |
||
| 245 | _aတတိယအကြိမ်ပြည်သူ့လွှတ်တော် ဆဋ္ဌမအစည်းအဝေးသို့တင်ပြသည့် နိုင်ငံတော်ကောင်စီ၏အစီရင်ခံစာ / | ||
| 260 | _c၁၉၈၄။ | ||
| 300 |
_a၂၄၁ စာမျက်နှာ၊ _c၂၂ စင်တီ။ |
||
| 500 | _aS-SAT: Dr. Prof Sai Aung Tun | ||
| 650 |
_aမြန်မာနိုင်ငံပြည်သူ့လွှတ်တေ် _927851 |
||
| 650 |
_aလွှတ်တော်အစည်းအဝေးများ _zမြန်မာနိုင်ငံ။ _927844 |
||
| 942 |
_2ddc _cBK1 |
||
| 999 |
_c27107 _d27107 |
||